[Event "GER-ch NSV Online 1st"]
[Site "Playchess.com INT"]
[Date "2020.04.26"]
[Round "1"]
[White "Neumann, Ingo"]
[Black "Fabregas, Oliver"]
[Result "1/2-1/2"]
[WhiteElo "1719"]
[BlackElo "1935"]
[PlyCount "108"]
[EventDate "2020.04.26"]
[EventType "swiss (blitz)"]
[EventRounds "13"]
[EventCountry "GER"]
[SourceTitle "CBM 196 Extra"]
[Source "ChessBase"]
[SourceDate "2020.07.31"]
[SourceVersion "1"]
[SourceVersionDate "2020.07.31"]
[SourceQuality "1"]

1. e4 c6 2. d4 d5 3. e5 c5 4. f4 cxd4 5. Bd3 Nc6 6. a3 g6 7. b4 a6 8. Nd2 Bg7 9. Nb3 h5 10. Nf3 Bg4 11. h3 Bxf3 12. Qxf3 Nh6 13. g4 h4 14. Bb2 e6 15. Nxd4 Rc8 16. Nxc6 Rxc6 17. Bd4 0-0 18. g5 Nf5 19. Bxf5 exf5 20. Rh2 Qc8 21. c3 Re8 22. Kd2 Rc4 23. Re1 Qd7 24. Qd3 Rec8 25. Ke3 Qe7 26. Kf3 b5 27. Rhe2 Qe6 28. Kg2 Bf8 29. Re3 Be7 30. R1e2 Bd8 31. Rd2 Bb6 32. Kf2 Bxd4 33. cxd4 Qb6 34. Ke2 Rc1 35. Qb3 Qc6 36. Red3 Rh1 37. Rd1 Rh2+ 38. Kf1 Qc4 39. Qxc4 bxc4 40. Rc3 Rb2 41. Ke1 Kf8 42. Rd2 Rb1+ 43. Rd1 Rxd1+ 44. Kxd1 Ke7 45. Kc2 Ke6 46. Kb2 Rb8 47. Rc1 Kd7 48. Kc3 Kc6 49. a4 Kd7 50. Rb1 Kc6 51. Re1 Re8 52. Re2 Kb6 53. Re1 Kc6 54. Re2 Rb8 1/2-1/2

[Event "Niedersachsen-ch"]
[Site "Verden"]
[Date "2019.01.05"]
[Round "5"]
[White "Neumann, Ingo"]
[Black "Hans, Julian"]
[Result "1-0"]
[WhiteElo "1972"]
[BlackElo "1849"]
[PlyCount "47"]
[EventDate "2019.01.03"]
[EventType "swiss"]
[EventRounds "7"]
[EventCountry "GER"]
[SourceTitle "EXT 2022"]
[Source "ChessBase"]
[SourceDate "2021.10.06"]
[SourceVersion "1"]
[SourceVersionDate "2021.10.06"]
[SourceQuality "1"]

1. e4 e6 2. d4 d5 3. e5 c5 4. f4 Nc6 5. Nf3 Nh6 6. Bd3 Nxd4 7. Nxd4 cxd4 8. a3 Qh4+ 9. g3 Qh3 10. Bf1 Qg4 11. Be2 Qh3 12. Nd2 Nf5 13. Bg4 Qg2 14. Bf3 Qh3 15. Qe2 Ne3 16. Nb3 Bd7 17. Nxd4 Nc4 18. b3 Nb6 19. Bg4 Qh6 20. f5 g5 21. h4 exf5 22. Bxg5 Qg6 23. Bh5 Qg7 24. e6 1-0

[Event "Berlin Spandau op"]
[Site "Berlin"]
[Date "2017.12.27"]
[Round "1"]
[White "Neumann, Ingo"]
[Black "Gebigke, Martin"]
[Result "0-1"]
[WhiteElo "1705"]
[BlackElo "2111"]
[PlyCount "138"]
[EventDate "2017.12.27"]
[EventType "swiss"]
[EventRounds "7"]
[EventCountry "GER"]
[SourceTitle "CBM 182 Extra"]
[Source "ChessBase"]
[SourceDate "2018.02.23"]
[SourceVersion "1"]
[SourceVersionDate "2018.02.23"]
[SourceQuality "1"]

1. e4 c5 2. Nf3 d6 3. d4 cxd4 4. Nxd4 Nf6 5. Nc3 a6 6. Be3 e5 7. Nb3 Be6 8. Be2 Be7 9. 0-0 0-0 10. f4 exf4 11. Bxf4 Nbd7 12. Bf3 Rc8 13. Rc1 Ne5 14. Bxe5 dxe5 15. Qxd8 Rfxd8 16. Rfd1 b5 17. Kf2 Rxd1 18. Nxd1 a5 19. Nxa5 Bxa2 20. c3 Be6 21. Ne3 b4 22. c4 Bc5 23. Ke2 Bd4 24. b3 g5 25. h3 h5 26. Kd3 g4 27. hxg4 hxg4 28. Bd1 Nd7 29. Bc2 Nc5+ 30. Ke2 Bd7 31. Nd5 Ra8 32. Nf6+ Kg7 33. Nxd7 Nxd7 34. Nc6 Bc3 35. Ne7 Ra2 36. Nd5 Nc5 37. Nxc3 bxc3 38. Ke3 Rb2 39. g3 Nxb3 40. Bxb3 Rxb3 41. Rc2 Kf6 42. Kd3 Ke6 43. Rxc3 Rb1 44. c5 Kd7 45. Kc4 Kc6 46. Rc2 Rd1 47. Rf2 Rd4+ 48. Kc3 Rxe4 49. Rxf7 Kxc5 50. Kd3 Ra4 51. Rg7 Kd5 52. Rd7+ Ke6 53. Rg7 Kf6 54. Rg8 Ra3+ 55. Ke4 Rxg3 56. Rf8+ Kg6 57. Kxe5 Rf3 58. Rg8+ Kh5 59. Ke4 Kh4 60. Rh8+ Kg3 61. Rg8 Rf7 62. Re8 Kf2 63. Ra8 g3 64. Ra2+ Kg1 65. Ke3 g2 66. Ra8 Rf5 67. Ke2 Rh5 68. Rg8 Kh1 69. Kf2 Rh2 0-1

[Event "Zehlendorf op 14th"]
[Site "Berlin"]
[Date "2014.06.05"]
[Round "4"]
[White "Kuehnemann, Gunnar"]
[Black "Neumann, Ingo"]
[Result "1-0"]
[WhiteElo "1783"]
[BlackElo "1734"]
[PlyCount "105"]
[EventDate "2014.05.08"]
[EventType "swiss"]
[EventRounds "7"]
[EventCountry "GER"]
[SourceTitle "EXT 2023"]
[Source "ChessBase"]
[SourceDate "2022.10.05"]
[SourceVersion "1"]
[SourceVersionDate "2022.10.05"]
[SourceQuality "1"]

1. d4 d5 2. c4 c6 3. cxd5 cxd5 4. Nf3 e6 5. Nc3 Nf6 6. Bf4 Nc6 7. e3 a6 8. Bd3 Bd6 9. Bg3 Bxg3 10. hxg3 Bd7 11. Ne5 Nxe5 12. dxe5 Ne4 13. Qg4 Qg5 14. Qxg5 Nxg5 15. f4 Ne4 16. Bxe4 dxe4 17. Nxe4 Bc6 18. Nd6+ Ke7 19. Kf2 f6 20. e4 fxe5 21. fxe5 a5 22. Ke3 a4 23. Raf1 Be8 24. Rc1 Bc6 25. Nxb7 Bxb7 26. Rc7+ Kd8 27. Rxb7 h5 28. Rd1+ Kc8 29. Rdd7 Ra6 30. Rxg7 Rc6 31. Ra7 Kb8 32. Rxa4 Rc2 33. Rb4+ Kc8 34. Ra7 Rh6 35. b3 Rxg2 36. Kf3 Rd2 37. Rc4+ Kb8 38. Rg7 Rxa2 39. Rd4 Kc8 40. Ra4 Rxa4 41. bxa4 h4 42. gxh4 Rxh4 43. Rg4 Rh1 44. Rg6 Ra1 45. Rxe6 Rxa4 46. Rd6 Ra7 47. Kf4 Rh7 48. Kf5 Rh5+ 49. Kf6 Rh4 50. e6 Rxe4 51. e7 Kc7 52. Re6 Rf4+ 53. Ke5 1-0

[Event "Berlin op 10"]
[Site "Berlin"]
[Date "2005.11.17"]
[Round "6"]
[White "Wenkheimer, Rolf"]
[Black "Neumann, Ingo"]
[Result "1-0"]
[WhiteElo "1664"]
[BlackElo "1565"]
[PlyCount "65"]
[EventDate "2005.10.13"]
[EventType "swiss"]
[EventRounds "7"]
[EventCountry "GER"]
[SourceTitle "EXT 2007"]
[Source "ChessBase"]
[SourceDate "2006.11.23"]
[SourceVersion "1"]
[SourceVersionDate "2006.11.23"]
[SourceQuality "1"]

1. e4 c5 2. Nf3 Nc6 3. d4 cxd4 4. Nxd4 e6 5. a3 Nf6 6. Nxc6 bxc6 7. Bd3 d5 8. e5 Nd7 9. Bf4 Bc5 10. 0-0 Bd4 11. Qg4 Nxe5 12. Bxe5 Bxe5 13. c3 Bd7 14. Qe2 Qc7 15. g3 0-0 16. Qc2 g6 17. Nd2 c5 18. b3 Rab8 19. Rab1 Rb6 20. c4 Rfb8 21. f3 Bd4+ 22. Kg2 Bc6 23. b4 cxb4 24. c5 b3 25. Nxb3 Bxc5 26. Nxc5 Bb5 27. Rxb5 Rxb5 28. Bxb5 Rxb5 29. Rc1 Qb6 30. Nd7 Qb7 31. Nf6+ Kg7 32. Ne8+ Kf8 33. Nd6 1-0

[Event "GER-ch37 V1 email"]
[Site "GER email"]
[Date "2005.04.01"]
[Round "?"]
[White "Mehaux, Heiko"]
[Black "Neumann, Ingo"]
[Result "0-1"]
[WhiteElo "2110"]
[BlackElo "2118"]
[PlyCount "78"]
[EventDate "2005.??.??"]
[EventType "tourn (corr)"]
[EventRounds "10"]
[EventCountry "GER"]
[SourceTitle "Corr 2008"]
[Source "ChessBase"]
[SourceDate "2008.06.24"]
[SourceVersion "1"]
[SourceVersionDate "2008.06.24"]
[SourceQuality "1"]

1. e4 c5 2. Nf3 e6 3. d4 cxd4 4. Nxd4 Nc6 5. Nc3 Nf6 6. Ndb5 d6 7. Bf4 e5 8. Bg5 a6 9. Na3 b5 10. Bxf6 gxf6 11. Nd5 f5 12. Bd3 Be6 13. 0-0 Bxd5 14. exd5 Ne7 15. Nxb5 Bg7 16. Nc3 e4 17. Bc4 Qa5 18. Qd2 Rc8 19. Bb3 Bxc3 20. bxc3 Qxc3 21. Qh6 Kd7 22. Rae1 Rcg8 23. g3 Rg6 24. Qh5 Ke8 25. Qe2 h5 26. Qxa6 Kf8 27. Qc4 Qf6 28. a4 h4 29. Re3 Rg4 30. Qe2 Ng6 31. a5 Nf4 32. Qd2 hxg3 33. fxg3 Qh6 34. a6 Ng2 35. Qxg2 Qxe3+ 36. Qf2 Qh6 37. Re1 Qf6 38. a7 Kg7 39. Qe3 f4 0-1

[Event "Berlin SF Neukoelln op 3rd"]
[Site "Berlin"]
[Date "2004.02.07"]
[Round "1"]
[White "Roth, Joachim"]
[Black "Neumann, Ingo"]
[Result "1-0"]
[WhiteElo "1839"]
[BlackElo "1465"]
[PlyCount "57"]
[EventDate "2004.02.07"]
[EventType "swiss"]
[EventRounds "7"]
[EventCountry "GER"]
[SourceTitle "EXT 2022"]
[Source "ChessBase"]
[SourceDate "2021.10.06"]
[SourceVersion "1"]
[SourceVersionDate "2021.10.06"]
[SourceQuality "1"]

1. f4 d5 2. Nf3 e6 3. e3 Nf6 4. b3 Nbd7 5. Bb2 Be7 6. Be2 c5 7. 0-0 b6 8. d3 Ba6 9. e4 dxe4 10. dxe4 Bxe2 11. Qxe2 0-0 12. c4 Qc7 13. g3 Rfd8 14. Nc3 a6 15. a4 Ng4 16. e5 Nf8 17. Ne4 Rd7 18. Nfg5 Nh6 19. Qh5 Bxg5 20. fxg5 Nf5 21. Nf6+ gxf6 22. gxf6 Ng6 23. Rxf5 Kf8 24. Rg5 Rad8 25. Bc3 Rd3 26. Qxh7 Rd1+ 27. Rxd1 Rxd1+ 28. Kf2 Qc6 29. Rxg6 1-0